| 000 | 01288cab a2200241 4500 | ||
|---|---|---|---|
| 001 | L136490 | ||
| 008 | 070202n2007 000 0 eng u | ||
| 035 | _a(Sirsi) u136490 | ||
| 041 | 0 | _aeng | |
| 100 | 1 | _aHarris, David | |
| 245 | 0 | 0 | _aEG offices |
| 260 | _c2007 | ||
| 490 | 0 | 0 |
_aEstates Gazette _v(0704) 27 January 2007, 121-137(15) |
| 520 | _aLooks at the New York office market; provides statistics for London's office market for the end of 2006 and covers office supply and rents in the UK. Asks whether the UK office market can maintain its momentum with rents breaking the £100 per square foot barrier. Covers the Lyons report, highlighting a critical new report which says government relocations have created few opportunities. Looks at the implications of tougher planning rules, targeted taxes and laws to ensure buildings are eco-friendly, arguing that they will have massive implications for developers and occupiers. Covers commonhold arguing that, despite its advantages, it is still the exception rather than the rule, and suggests that this may change in 2007. | ||
| 590 | _aKA | ||
| 650 | 2 | 4 | _aLYONS REVIEW |
| 651 | 4 |
_aUnited Kingdom _y |
|
| 651 | 4 | _aNEW YORK | |
| 700 | 1 | _aNorman, Paul | |
| 700 | 1 | _aWehner, Piers | |
| 700 | 1 | _aRowe, Stephen | |
| 942 | _n0 | ||
| 999 |
_c78313 _d78313 |
||